Poesía contra poesía: un bosquejo crítico de la poesía costarricense

Tallennettuna:
Bibliografiset tiedot
Päätekijä: Albán, Laureano
Aineistotyyppi: Kirja
Kieli:Undetermined
Julkaistu: San José, Costa Rica 1970
Aiheet:
Tagit: Lisää tagi
Ei tageja, Lisää ensimmäinen tagi!

MARC

LEADER 00000nam a2200000Ia 4500
008 170316s9999 xx 000 0 und d
090 |a 801 A-7p 
100 |a Albán, Laureano 
245 |a Poesía contra poesía: un bosquejo crítico de la poesía costarricense 
260 |a San José, Costa Rica 
260 |c 1970 
300 |a 76 páginas 
650 |a TEORÍA LITERARIA 
650 |a POESÍA COSTARRICENSE 
650 |a HISTORIA 
650 |a CRÍTICA - 1890 - 1970 
999 |c 20052  |d 20052 
040 |a cru BVZT 
942 |c 15 D  |h 801 A-7p  |2 z